United States Senators Tile Select - Statistics

General Stats
  • This quiz has been taken 18 times
  • The average score is 43 of 64
Answer Stats
Question Tile Select % Correct
States with 2 democratic senators Alabama No
100%
That are a Republican Ben Sasse Yes
100%
That won (re-)election in 2020 Cal Cunningham No
100%
That won (re-)election in 2020 Eric Trump No
100%
States with 2 democratic senators Florida No
100%
States with 2 democratic senators Hawaii Yes
100%
That are a Republican Jon Ossoff No
100%
That are a Republican Lisa Murkowski Yes
100%
That won (re-)election in 2020 Mitch McConnell Yes
100%
States with 2 democratic senators New York Yes
100%
States with 2 democratic senators North Carolina No
100%
States with 2 democratic senators Oregon Yes
100%
That are a Republican Rick Scott Yes
100%
That are a Republican Ron Johnson Yes
100%
That are a Republican Sherrod Brown No
100%
That won (re-)election in 2020 Susan Collins Yes
100%
States with 2 democratic senators Tennessee No
100%
States with 2 democratic senators Texas No
100%
That are a Republican Tim Kaine No
100%
States with 2 democratic senators California Yes
94%
That are a Republican Chuck Schumer No
94%
That won (re-)election in 2020 David Purdue No
94%
That are a Republican Jeanne Shaheen No
94%
That won (re-)election in 2020 Lindsey Graham Yes
94%
States with 2 democratic senators Maine No
94%
That are a Republican Mike Rounds Yes
94%
States with 2 democratic senators Rhode Island Yes
94%
That are a Republican Roy Blunt Yes
94%
That are a Republican Susan Collins Yes
94%
States with 2 democratic senators Colorado Yes
88%
States with 2 democratic senators Pennsylvania No
88%
That are a Republican Roger Wicker Yes
88%
That won (re-)election in 2020 Thom Tillis Yes
88%
States with 2 democratic senators Arizona Yes
81%
States with 2 democratic senators Georgia Yes
81%
That won (re-)election in 2020 Richard Burr No
81%
That are a Republican Thom Tillis Yes
81%
That are a Republican Martin Heinrich No
75%
That won (re-)election in 2020 Mitt Romney No
75%
States with 2 democratic senators Vermont No
75%
That won (re-)election in 2020 Bernie Sanders No
69%
That won (re-)election in 2020 Marco Rubio No
69%
That won (re-)election in 2020 Ted Cruz No
69%
That won (re-)election in 2020 Chuck Schumer No
63%
That won (re-)election in 2020 Jon Ossoff Yes
50%
That won (re-)election in 2020 Mark Kelly Yes
50%
That won (re-)election in 2020 Tommy Tuberville Yes
50%
That represent a state that voted for Trump in 2020 Mike Crapo No
25%
That represent a state that voted for Trump in 2020 Marsha Blackburn No
19%
That represent a state that voted for Trump in 2020 Pat Toomey Yes
19%
That represent a state that voted for Trump in 2020 Lisa Murkowski No
13%
That represent a state that voted for Trump in 2020 Susan Collins Yes
13%
That represent a state that voted for Trump in 2020 Ben Sasse No
6%
That represent a state that voted for Trump in 2020 Catherine Cortez Masto Yes
6%
That represent a state that voted for Trump in 2020 Dick Durbin Yes
6%
That represent a state that voted for Trump in 2020 Raphael Warnock Yes
6%
That represent a state that voted for Trump in 2020 Richard Burr No
6%
That represent a state that voted for Trump in 2020 Rick Scott No
6%
That represent a state that voted for Trump in 2020 Ted Cruz No
6%
That represent a state that voted for Trump in 2020 Tim Kaine Yes
6%
That represent a state that voted for Trump in 2020 John Kennedy No
0%
That are a Republican Jon Tester Yes
0%
That represent a state that voted for Trump in 2020 Mark Kelly Yes
0%
That represent a state that voted for Trump in 2020 Mitt Romney No
0%
No matching quizzes found
Score Distribution
Percent of People with Each Score
Percentile by Number Answered
Your Score History
You have not taken this quiz